000 00900nam a22002055i 4500
001 167039
003 ES-MaACL
005 20250809025049.0
008 000717s1820 fr |||| | fre d
040 _aCCPB | B
_bspa
_cCCPB | B
100 1 _aVattel, Emer de (
_d1714-1767)
_9133571
245 1 3 _aLe droit des gens, ou Principes de la loi naturelle, appliquee a la conduite et aux affaires des nations et des souverains /
_cpar M. de Vattel.
250 _aNouvelle èd. augm., rev. et corr., avec quelques remarques de l'editeur.
260 _aParis :
_bchez Rey et Gravier, libraires ;
_aLyon :
_bchez Ant. Balche, libraire,
_c1820.
300 _a2 v. ([4], 428 ; [4], 479 p.) ;
_c20 cm.
597 _aWWW CCFr, 05/07/04 indica 2 vol.
650 0 7 _aDerecho internacional público
_2embne
_911723
852 _aES-MaACL
_jG-12585-86
_z-- Enc. hol.
_q-- Sólo t.I-II
999 _c167039
_d167039